000
00300nam a22001337a 4500
008
170823b xxu||||| |||| 00| 0 eng d
020
_a
0387906002
041
_a
eng
080
_a
51
100
_a
38
101
_a
MAT
245
_a
A COURSE IN THE THEORY OF GROUPS
_c
ROBINSON,D.J
942
_2
udc
_c
BK
999
_c
24609
_d
24609